Význam motivácie a zamestnaneckých výhod v podmienkach spoločnosti Roche Slovensko, s.r.o. diplomová práca

Salvato in:
Dettagli Bibliografici
Autore principale: Baliaková, Katarína
Ente Autore: Národohospodárska fakulta EU. Katedra sociálneho rozvoja a práce
Altri autori: Alexy, Július, 1926-2024
Natura: Libro
Lingua:slovacco
Pubblicazione: Bratislava 2009
Tags: Aggiungi Tag
Nessun Tag, puoi essere il primo ad aggiungerne!!

MARC

LEADER 00000nam$a2200000$$$4500
001 0095762
005 20240318140547.0
041 0 |a slo 
044 |a SK 
245 1 0 |a Význam motivácie a zamestnaneckých výhod v podmienkach spoločnosti Roche Slovensko, s.r.o.  |b diplomová práca  |c Katarína Baliaková ; škol. Július Alexy 
264 1 |a Bratislava  |c 2009 
300 |a 81 s. 
100 1 |a Baliaková, Katarína 
700 1 |a Alexy, Július, 1926-2024 
710 2 |a Národohospodárska fakulta EU. Katedra sociálneho rozvoja a práce